000 00352nam a22001697a 4500
003 UA-OsUOA
001 2252
007 ta
008 20050721b un ||||| |||| 00| 0 ukr d
100 _aTemple
700 _aSarah
942 _cBK
040 _aUA-OsUOA
_cUA-OsUOA
_dUA-OsUOA
245 _aKindred spirits.
_bLove story
955 _a2
650 7 _2UDC
999 _c288414
_d288414